5HLuxD.jpg

KING HENRY VIII SENIOR AND PRIMARY SCHOOL LIBRARY OPAC

BUBBLING BIOLOGY (Record no. 5076)

000 -LEADER
fixed length control field 00313nam a22001217a 4500
008 - FIXED-LENGTH DATA ELEMENTS--GENERAL INFORMATION
fixed length control field 250520b ||||| |||| 00| 0 eng d
020 ## - INTERNATIONAL STANDARD BOOK NUMBER
International Standard Book Number 9781682970256
082 ## - DEWEY DECIMAL CLASSIFICATION NUMBER
Classification number 570 PAR
100 ## - MAIN ENTRY--PERSONAL NAME
Personal name PARKER,STEVE
Relator term AUTHOR
245 ## - TITLE STATEMENT
Title BUBBLING BIOLOGY
260 ## - PUBLICATION, DISTRIBUTION, ETC.
Place of publication, distribution, etc. 6 ORCHARD,LAKE FOREST,CA 92630
Name of publisher, distributor, etc. QEB PUBLISHING
942 ## - ADDED ENTRY ELEMENTS (KOHA)
Source of classification or shelving scheme
Holdings
Withdrawn status Lost status Source of classification or shelving scheme Damaged status Not for loan Collection code Permanent Location Current Location Shelving location Date acquired Total Checkouts Full call number Barcode Date last seen Date last checked out Price effective from Koha item type Public note
          Non-Fiction KH8 Primary School Library KH8 Primary School Library Non Fiction 2025-05-20 1 570 PAR KHPL000007016 2026-03-06 2026-02-27 2025-05-20 Books - Non Ficton KH8 PRIMARY LIBRARY

Powered By KH8 IT Dept